Family, Patriarchalism, and Social Change in Brazil /
Gorde:
| Egile nagusia: | |
|---|---|
| Beste egile batzuk: | |
| Formatua: | Texto |
| Gaiak: | |
| Etiketak: |
Etiketa erantsi
Etiketarik gabe, Izan zaitez lehena erregistro honi etiketa jartzen!
|
MARC
| LEADER | 00000 a a2200000 04500 | ||
|---|---|---|---|
| 001 | 43094 | ||
| 003 | |||
| 040 | |a CRAI/IIS |c CRAI/IIS | ||
| 100 | |a Mesquita Samara, Eni de | ||
| 245 | |a Family, Patriarchalism, and Social Change in Brazil / |c Eni De Mesquita Samara, Dora Isabel Paiva Da Costa | ||
| 650 | |a ROL DE LA MUJER | ||
| 650 | |a POLITICA FAMILIAR | ||
| 650 | |a PAPELES SOCIALES | ||
| 650 | |a FAMILIA | ||
| 650 | |a BRASIL | ||
| 700 | |a Paiva Da Costa, Dora Isabel | ||
| 773 | |g volumen32, número1 (1997), páginas 212-225 | ||
| 999 | |c 19689 |d 19689 | ||
